000 00499nam a2200181Ia 4500
001 22878
005 20260414150900.0
008 260414t2013||||xx |||||||||||||| ||spa||
041 _aESP
082 _a624.15136
_bR53 V. 1
100 _aRico Rodríguez, Alfonso
_eAUT
245 0 _aLa ingeniería de suelos en las vías terrestres :
_bcarreteras, ferrocarriles y aeropistas
260 _c2013
300 _a459 páginas :
_c27 cm.
650 _a0
654 _aCIC
942 _cLIB
_dJUS
_fJUS
_2ddc
_n
999 _c22878
_d22878